000 00647nam a22002417a 4500
001 BD-DhSAU 2468
003 BD-DhSAU
005 20150128150205.0
008 150128b1963 nyua|||| |||| 001 0 eng d
040 _aBD-DhSAU
082 _222
_a636.208
_bRED
100 _aReaves, Paul M.
245 _aFeeding and management /
_cPaul M. Reaves & H. O. Henderson
250 _a5th ed.
260 _aNew York :
_bJohn Willey & Sons ,
_cc1963.
300 _avi, 448 p. :
_bill. ;
_c23 cm.
504 _aIncludes index.
590 _aJerin
650 _a Animal Husbandry
650 _aFeeding
650 _amanagement
700 _aHenderson, H. O.
942 _2ddc
_cBOOK
999 _c2468
_d2468